Normal view
MARC view
- الانبياء - الصحابة - التاريخ الاسلامي - الاردن
Entry Topical Term
001 - CONTROL NUMBER
- control field: 51040
003 - CONTROL NUMBER IDENTIFIER
- control field: JO-AjAnu
005 - DATE AND TIME OF LATEST TRANSACTION
- control field: 20230606082411.0
008 - FIXED-LENGTH DATA ELEMENTS
- fixed length control field: 230606|| aca||aabn | a|a d
040 ## - CATALOGING SOURCE
- Original cataloging agency: JO-AjAnu
- Transcribing agency: JO-AjAnu
150 ## - HEADING--TOPICAL TERM
- Topical term or geographic name entry element: الانبياء - الصحابة - التاريخ الاسلامي - الاردن
670 ## - SOURCE DATA FOUND
- Source citation: Work cat.: (JO-AjAnu)26088: الفقير، نوح مصطفى, author 51039, الأنبياء والصحابة الشهداء والخلفاء والمعالم الدينية الإسلامية والعلماء الذين ولدوا أو عاشوا لغاية 1350 هجري في المملكة الأردنية الهاشمية